Indian rubber bulletin: Import of rubber (Record no. 61076)

MARC details
000 -LEADER
fixed length control field 00263nam a2200109Ia 4500
245 #0 - TITLE STATEMENT
Title Indian rubber bulletin: Import of rubber
260 ## - PUBLICATION, DISTRIBUTION, ETC. (IMPRINT)
Name of publisher Planter
Year of publication 1958
300 ## - PHYSICAL DESCRIPTION
Number of Pages 11
650 ## - SUBJECT ADDED ENTRY--TOPICAL TERM
Topical Term Rubber import
942 ## - ADDED ENTRY ELEMENTS (KOHA)
Koha item type Journals
Holdings
Withdrawn status Lost status Damaged status Not for loan Home library Current library Shelving location Date acquired Serial Enumeration / chronology Koha item type
      Journals RRII Library RRII Library Agricultural economics 17/12/2021 Volume 34, Issue 1 Journals